[Event "Ì15Â"]
[Site "Loo"]
[Date "2017.04.21"]
[Round "2.6"]
[White "Çåìíèöêèé, Àëåêñàíäð."]
[Black "Ðåìèçîâ, ßðîñëàâ."]
[Result "0-1"]
[WhiteElo "2010"]
[BlackElo "2218"]
[PlyCount "80"]
[EventDate "2017.04.20"]

1. d4 d5 2. Bg5 c5 3. Nc3 h6 4. Bh4 g5 5. Bg3 Bg7 6. e3 cxd4 7. exd4 Nf6 8. Nf3
O-O 9. Ne5 Nc6 10. Bb5 Nxe5 11. Bxe5 Ne4 12. Bxg7 Kxg7 13. O-O Bf5 14. f4 Nxc3
15. bxc3 e6 16. Bd3 Be4 17. Rb1 b6 18. Qe2 f5 19. Rbd1 Qc7 20. c4 Rac8 21. Bxe4
dxe4 22. d5 exd5 23. fxg5 Qc5+ 24. Kh1 Qxc4 25. Qh5 Qc6 26. gxh6+ Qxh6 27. Rxf5
Qxh5 28. Rxh5 e3 29. Rg5+ Kh6 30. Re5 d4 31. h3 Rc4 32. Re4 Rf2 33. c3 e2 34.
Rg1 Rxc3 35. Rh4+ Kg5 36. Rxd4 Re3 37. h4+ Kf6 38. Rd8 e1=Q 39. Rxe1 Rxe1+ 40.
Kh2 Ree2 0-1

[Event "Ì15Â"]
[Site "Loo"]
[Date "2017.04.21"]
[Round "2.7"]
[White "Ìàêàðÿí, Ðóäèê."]
[Black "Âîëêîâ, Àíäðåé."]
[Result "1/2-1/2"]
[WhiteElo "2207"]
[BlackElo "2005"]
[PlyCount "98"]
[EventDate "2017.04.20"]

1. d4 Nf6 2. Nf3 c5 3. d5 b5 4. c4 g6 5. cxb5 a6 6. b6 Qxb6 7. Nc3 Bg7 8. e4 d6
9. Be2 O-O 10. O-O Ne8 11. Re1 Nc7 12. Nd2 Nb5 13. Nc4 Qc7 14. Qd3 Nd7 15. Bf4
Nb6 16. Qg3 Nxc4 17. Bxc4 Nd4 18. Rac1 Bd7 19. h4 Rfb8 20. b3 Bb5 21. e5 dxe5
22. Rxe5 Bxe5 23. Bxe5 Qc8 24. Bxb8 Qxb8 25. Qxb8+ Rxb8 26. Ne4 Bxc4 27. Rxc4
Ne2+ 28. Kh2 Rd8 29. Rxc5 f5 30. Ng5 Nf4 31. Ne6 Nxe6 32. dxe6 Rd6 33. Re5 Rb6
34. Kg3 Kg7 35. f4 Kf6 36. Kf3 h6 37. Ke3 Rb4 38. g3 g5 39. hxg5+ hxg5 40. Kd3
gxf4 41. gxf4 Rxf4 42. Ra5 Re4 43. Rxa6 Rxe6 44. Ra8 Rd6+ 45. Ke2 e5 46. b4 Rb6
47. a3 Ke6 48. Ra5 f4 49. b5 Kf5 1/2-1/2

[Event "Ì15Â"]
[Site "Loo"]
[Date "2017.04.21"]
[Round "2.8"]
[White "Àâàëÿí, Àðòóð."]
[Black "Ðîëüãåéçåð, Ãåíðèõ."]
[Result "1-0"]
[WhiteElo "2163"]
[BlackElo "1989"]
[PlyCount "99"]
[EventDate "2017.04.20"]

1. d4 Nf6 2. c4 e6 3. Nc3 Bb4 4. e3 O-O 5. Nge2 d5 6. cxd5 exd5 7. a3 Bd6 8.
Ng3 c6 9. Bd3 Re8 10. O-O Nbd7 11. Qc2 Nf8 12. f3 Ng6 13. Qf2 Be6 14. Bd2 a6
15. Nf5 Bxf5 16. Bxf5 c5 17. Ne2 Qc7 18. g4 Ne7 19. Bd3 Nc6 20. Rac1 Qd7 21.
Ng3 g6 22. Ne2 Rac8 23. Rfe1 b5 24. Kh1 c4 25. Bb1 a5 26. g5 Nh5 27. e4 Qa7 28.
Be3 Ng7 29. Nc3 Ne7 30. Nxb5 Qd7 31. Nxd6 Qxd6 32. Qd2 Qb6 33. Re2 Red8 34. Rd1
Ne6 35. Qe1 Qb3 36. Red2 c3 37. bxc3 Qxa3 38. Rd3 Rc4 39. Qd2 Rdc8 40. Rc1 Rb8
41. Ba2 Ra4 42. Bxd5 Rb2 43. Qd1 Nxd5 44. exd5 Qd6 45. Rd2 Rxd2 46. Bxd2 Ra2
47. dxe6 Qd5 48. e7 Qa8 49. Qe2 Qe8 50. d5 1-0

[Event "Ì15Â"]
[Site "Loo"]
[Date "2017.04.21"]
[Round "2.9"]
[White "Áåäåíêî, Íèêèòà."]
[Black "Öûáèêîâ, Òóìýí."]
[Result "1-0"]
[WhiteElo "1966"]
[BlackElo "2152"]
[PlyCount "98"]
[EventDate "2017.04.20"]

1. e4 c5 2. Nf3 d6 3. c3 Nf6 4. Be2 g6 5. O-O Bg7 6. Qc2 e5 7. d4 exd4 8. cxd4
O-O 9. dxc5 dxc5 10. e5 Nfd7 11. Bg5 Qb6 12. Nc3 Nxe5 13. Nd5 Qa5 14. Nxe5 Bxe5
15. Qe4 Bg7 16. Qh4 Be6 17. Nf6+ Bxf6 18. Bxf6 Nd7 19. Bc3 Qc7 20. f4 f6 21. f5
g5 22. Qh6 Bd5 23. Rad1 Bc6 24. Bc4+ Kh8 25. Qxg5 Ne5 26. Bxe5 Qxe5 27. Qd2
Rae8 28. Be6 Re7 29. Rfe1 Qc7 30. Qd6 b6 31. Qxc7 Rxc7 32. Rd6 Kg7 33. Kf2 Kh6
34. Re3 Kg5 35. Rdd3 Re8 36. h3 Bb5 37. Rg3+ Kh5 38. Rd6 Ree7 39. Bd5 Rg7 40.
Rxg7 Rxg7 41. Rxf6 Kg5 42. Rf8 Rd7 43. Be6 Rd2+ 44. Kg3 Bc6 45. h4+ Kh5 46. f6
Rxg2+ 47. Kf4 Rf2+ 48. Ke5 Bf3 49. f7 Kh6 1-0

[Event "Ì15Â"]
[Site "Loo"]
[Date "2017.04.21"]
[Round "2.10"]
[White "Âîëîâè÷, Âàñèëèé."]
[Black "Æàêàìóõîâ, Ýäóàðä."]
[Result "1/2-1/2"]
[WhiteElo "2152"]
[BlackElo "1919"]
[PlyCount "120"]
[EventDate "2017.04.20"]

1. e4 c5 2. Nf3 d6 3. c3 Nf6 4. h3 Nc6 5. Bd3 e5 6. Bc2 Be7 7. d4 O-O 8. O-O
Qc7 9. d5 Nb8 10. c4 a6 11. Nc3 Rd8 12. a4 Nbd7 13. Be3 Nf8 14. a5 Bd7 15. Ba4
Ng6 16. Bxd7 Nxd7 17. Qd2 Rf8 18. Qd3 Bf6 19. Rfb1 Rfb8 20. g3 h5 21. h4 Ngf8
22. Qd2 b5 23. axb6 Rxb6 24. b3 Qb7 25. Qc2 Qc8 26. Ra3 Bd8 27. Rba1 Nb8 28.
Kg2 Ng6 29. Nd2 Qg4 30. f3 Qd7 31. Na4 Rb4 32. Nb2 Ne7 33. Nd3 Rb6 34. b4 cxb4
35. Bxb6 bxa3 36. Bxd8 Qxd8 37. c5 Qc7 38. Nc4 Nc8 39. Qa4 Nd7 40. cxd6 Nxd6
41. Nxd6 Qxd6 42. Qxa3 Qb6 43. Qc3 f6 44. Rc1 Ra7 45. Qb2 Qxb2+ 46. Nxb2 Kf7
47. Kf2 Rb7 48. Nc4 Ke7 49. Rc3 Rb5 50. Ne3 Rb2+ 51. Rc2 Rxc2+ 52. Nxc2 a5 53.
Ke3 Kd6 54. Kd3 Kc5 55. Kc3 f5 56. exf5 Nf6 57. Kd3 Kxd5 58. g4 e4+ 59. fxe4+
Ke5 60. gxh5 Nxe4 1/2-1/2

[Event "Ì15Â"]
[Site "Loo"]
[Date "2017.04.21"]
[Round "2.11"]
[White "Êóëàåâ, Ìàêñèì."]
[Black "Ñêà÷êîâ, Âàëåðèé."]
[Result "1/2-1/2"]
[WhiteElo "1849"]
[BlackElo "2149"]
[PlyCount "85"]
[EventDate "2017.04.20"]

1. d4 Nf6 2. Nf3 e6 3. g3 b5 4. Bg2 Bb7 5. O-O c5 6. c3 Be7 7. Bf4 d5 8. Nbd2
O-O 9. Ne5 Na6 10. a3 Rc8 11. b4 cxd4 12. cxd4 Ne4 13. Nb3 Nd6 14. Nc5 Nxc5 15.
bxc5 Nc4 16. Qb1 Nxe5 17. Bxe5 Bc6 18. Bf4 Re8 19. Qd3 Bf6 20. Rfd1 g6 21. Rab1
Qd7 22. Qe3 Bg7 23. Qd2 Rcd8 24. Rb3 f6 25. Bd6 Bf8 26. Bxf8 Kxf8 27. Qf4 Kg7
28. Qd2 e5 29. Rd3 e4 30. Rb3 Qc7 31. f4 a5 32. e3 Rb8 33. Rdb1 Rb7 34. Bf1
Reb8 35. Qe1 Qd8 36. Qd2 Qc7 37. Qe1 Qd8 38. Qd2 Qc7 39. Qe1 Kg8 40. Kh1 Kf7
41. Kg1 Kg7 42. Kh1 Kh6 43. Kg1 1/2-1/2

[Event "Ì15Â"]
[Site "Loo"]
[Date "2017.04.21"]
[Round "2.12"]
[White "Ìóõóòäèíîâ, Òèãðàí."]
[Black "Ñò¸ïî÷êèí, Ô¸äîð."]
[Result "1-0"]
[WhiteElo "2136"]
[BlackElo "1793"]
[PlyCount "123"]
[EventDate "2017.04.20"]

1. e4 e6 2. d4 d5 3. Nc3 Bb4 4. exd5 exd5 5. Bd3 Nf6 6. a3 Bxc3+ 7. bxc3 Nc6 8.
Ne2 h6 9. O-O Be6 10. Nf4 O-O 11. Nxe6 fxe6 12. Re1 Qd7 13. a4 Qf7 14. Ba3 Rfe8
15. f4 Nd7 16. Qg4 Nf6 17. Qe2 Nd8 18. g4 Nd7 19. Kh1 c5 20. Qe3 Nc6 21. Rg1 c4
22. Be2 g6 23. Raf1 Kh7 24. g5 Qf5 25. Bg4 Qxc2 26. Bxe6 Nf8 27. Bxf8 Rxf8 28.
Bxd5 Rae8 29. Qh3 h5 30. f5 Rxf5 31. Rxf5 Qxf5 32. Qxf5 gxf5 33. Bxc4 Re3 34.
Bf7 Rxc3 35. d5 Ne5 36. Bxh5 Kg7 37. Re1 Nd3 38. Re7+ Kf8 39. Rf7+ Kg8 40. Rxf5
Rc4 41. d6 Rd4 42. Bf7+ Kg7 43. Rd5 Rxd5 44. Bxd5 Nc5 45. h4 Kg6 46. Be4+ Kf7
47. Bf5 b6 48. h5 a6 49. g6+ Kg7 50. d7 Nb7 51. Kg2 b5 52. axb5 axb5 53. Kf3 b4
54. Ke3 b3 55. Kd2 Nd8 56. Kc3 Nc6 57. Kxb3 Kh6 58. Bg4 Nd8 59. Kc4 Nb7 60. Kd5
Nd8 61. Kd6 Kg5 62. Ke7 1-0

[Event "Ì15Â"]
[Site "Loo"]
[Date "2017.04.21"]
[Round "2.13"]
[White "×åæèí, Ïàâåë."]
[Black "Êûòèí, Ìàêàð."]
[Result "0-1"]
[WhiteElo "1688"]
[BlackElo "2120"]
[PlyCount "64"]
[EventDate "2017.04.20"]

1. d4 d5 2. Nf3 Nf6 3. Bf4 e6 4. e3 Be7 5. Nbd2 O-O 6. Bd3 Nbd7 7. c4 b6 8. Rc1
c5 9. Bg3 Bb7 10. O-O Rc8 11. Ne5 dxc4 12. Ndxc4 b5 13. Nxd7 Qxd7 14. Ne5 Qd5
15. Qf3 Qxf3 16. Nxf3 c4 17. Be2 Ne4 18. a4 a6 19. axb5 axb5 20. Ra1 Bd5 21.
Ne5 c3 22. bxc3 Nxc3 23. Bd3 b4 24. Nd7 b3 25. Nxf8 Bxf8 26. e4 Bxe4 27. Bxe4
Nxe4 28. Rfb1 Nd2 29. Rb2 Bb4 30. Bf4 Bc3 31. Rc1 Ra8 32. Bb8 h6 0-1

[Event "Ì15Â"]
[Site "Loo"]
[Date "2017.04.21"]
[Round "2.14"]
[White "Øàéõàëèåâ, Äæîõàð."]
[Black "Êàçüìèí, Ñåìåí."]
[Result "0-1"]
[WhiteElo "1846"]
[BlackElo "2167"]
[PlyCount "78"]
[EventDate "2017.04.20"]

1. e4 e6 2. d4 d5 3. Nc3 Bb4 4. e5 Ne7 5. a3 Bxc3+ 6. bxc3 c5 7. Qg4 Qc7 8.
Qxg7 Rg8 9. Qxh7 cxd4 10. Ne2 Nbc6 11. f4 dxc3 12. Qd3 d4 13. Nxd4 Nxd4 14.
Qxd4 Bd7 15. Rg1 Nf5 16. Qf2 Qc6 17. Bd3 Qd5 18. a4 Bc6 19. Ra3 Nd4 20. Be3 Qc5
21. Ra1 O-O-O 22. Bxd4 Rxd4 23. Qe3 Qb4 24. g3 Rgd8 25. Kf2 Qb2 26. Rab1 Qa2
27. Ra1 Qd5 28. h4 Bxa4 29. Ra3 Kb8 30. Rxc3 Bxc2 31. Bxc2 Rd2+ 32. Ke1 Rxc2
33. Rxc2 Qd1+ 34. Kf2 Qxc2+ 35. Kf3 Rd3 36. Re1 Rxe3+ 37. Rxe3 a5 38. Re2 Qd3+
39. Re3 Qd1+ 0-1

[Event "Ì15Â"]
[Site "Loo"]
[Date "2017.04.21"]
[Round "2.15"]
[White "Ìóòîâèí, Åãîð."]
[Black "Áðåñêàíó, Íèêèòà."]
[Result "1-0"]
[WhiteElo "1915"]
[BlackElo "2044"]
[PlyCount "39"]
[EventDate "2017.04.20"]

1. d4 Nf6 2. c4 e6 3. Nf3 Bb4+ 4. Bd2 a5 5. g3 b6 6. Bg2 Bb7 7. O-O Bxd2 8.
Qxd2 O-O 9. Nc3 Ne4 10. Qc2 Nxc3 11. Qxc3 Be4 12. b3 Na6 13. a3 Qe7 14. Nd2
Bxg2 15. Kxg2 d5 16. Rfd1 Rfd8 17. Nf3 c5 18. e3 Rac8 19. Qd3 Rc7 20. cxd5 {
äàëåå çàïèñü íåðàçáîð~~èâà} 1-0

[Event "Ì15Â"]
[Site "Loo"]
[Date "2017.04.21"]
[Round "2.16"]
[White "Ùóêèí, Ìàêñèì."]
[Black "Öóõàåâ, Ìóñà."]
[Result "1/2-1/2"]
[WhiteElo "1990"]
[BlackElo "1710"]
[PlyCount "135"]
[EventDate "2017.04.20"]

1. e4 c5 2. Nf3 Nc6 3. d4 cxd4 4. Nxd4 d6 5. Nc3 g6 6. Be3 Bg7 7. Qd2 Nf6 8. f3
O-O 9. Bc4 Bd7 10. O-O-O Rc8 11. Bb3 Ne5 12. Kb1 Nc4 13. Bxc4 Rxc4 14. g4 Qb8
15. h4 h5 16. Bh6 hxg4 17. Bxg7 Kxg7 18. h5 Rh8 19. Qg5 gxf3 20. hxg6 fxg6 21.
Nxf3 Bg4 22. Rhg1 Rh5 23. Qf4 Rf5 24. Qxg4 Nxg4 25. exf5 gxf5 26. Nd4 Qc8 27.
Nd5 e6 28. Ne3 Rxd4 29. Rxd4 Qc5 30. c3 Kf6 31. Nxg4+ fxg4 32. Rf4+ Ke7 33.
Rfxg4 d5 34. R1g2 Qe3 35. a3 Kd6 36. Ka2 b5 37. Rb4 Kc6 38. a4 a5 39. axb5+ Kb6
40. Rd4 Kxb5 41. Rg8 Qe5 42. Rg6 Qf5 43. Rdg4 Qe5 44. Rh4 Qe3 45. Rd4 Kc5 46.
Rg8 Qe5 47. Re8 Qd6 48. Rg4 Qd7 49. Ra8 Qc7 50. Rgg8 Kd6 51. Ra6+ Ke5 52. Rg4
Kf5 53. Ra4 e5 54. R6xa5 Qc6 55. Rb4 e4 56. Rd4 Qe6 57. Raxd5+ Kf4 58. Kb1 Kf3
59. Rd1 e3 60. Rg5 Qe4+ 61. Kc1 e2 62. Rgg1 exd1=Q+ 63. Rxd1 Ke2 64. Rd2+ Ke3
65. Rd4 Qb7 66. Kc2 Qb5 67. Kb1 Qb3 68. Ka1 1/2-1/2

[Event "Ì15Â"]
[Site "Loo"]
[Date "2017.04.21"]
[Round "2.17"]
[White "Êîëäàåâ, Äóíãàð."]
[Black "Øèðèíêèí, Ïàâåë."]
[Result "1-0"]
[WhiteElo "1988"]
[BlackElo "1751"]
[PlyCount "95"]
[EventDate "2017.04.20"]

1. d4 d5 2. Nf3 Nf6 3. c4 e6 4. Nc3 c6 5. cxd5 exd5 6. Bg5 Nbd7 7. e3 Qa5 8.
Nd2 Ne4 9. Ndxe4 dxe4 10. Bh4 Bb4 11. Qc2 O-O 12. Be2 Nf6 13. O-O Bxc3 14. bxc3
Bf5 15. c4 Rac8 16. a4 c5 17. d5 Nd7 18. Rfb1 Qa6 19. Qb2 Qh6 20. Bg3 b6 21. a5
Ra8 22. Bd1 bxa5 23. Rxa5 g5 24. Qa2 Nb6 25. Rxc5 Rfc8 26. Rxc8+ Rxc8 27. Bb3
Qf8 28. Qxa7 Nxc4 29. Qd4 Qb4 30. Bc2 Qd2 31. Qxd2 Nxd2 32. Rb8 Rxb8 33. Bxb8
Bd7 34. Bd6 f5 35. Bb4 Nc4 36. Bb3 Bb5 37. d6 Bd7 38. Bxc4+ Kg7 39. Kf1 f4 40.
Ke2 Kf6 41. f3 Kf5 42. fxe4+ Kxe4 43. Bd3+ Ke5 44. exf4+ gxf4 45. Bxh7 Bg4+ 46.
Kf2 Kd5 47. Bg6 Bd7 48. Kf3 1-0

[Event "Ì15Â"]
[Site "Loo"]
[Date "2017.04.21"]
[Round "2.18"]
[White "Ìóðòàçèí, Ðóñëàí."]
[Black "Õàëèêîâ, Áóëàò."]
[Result "1-0"]
[WhiteElo "2344"]
[BlackElo "1895"]
[PlyCount "111"]
[EventDate "2017.04.20"]

1. e4 e5 2. Nf3 Nc6 3. d4 exd4 4. Nxd4 Bc5 5. Nb3 Bb6 6. Nc3 Qf6 7. Qe2 Nge7 8.
Be3 Nd4 9. Nxd4 Bxd4 10. Bxd4 Qxd4 11. Qc4 Qb6 12. a4 O-O 13. Bd3 d6 14. O-O c6
15. a5 Qc7 16. Nb5 Qd8 17. Nd4 c5 18. Ne2 Be6 19. Qc3 c4 20. Bxc4 Rc8 21. Ra4
Bd7 22. Ra3 Bb5 23. b3 Bxc4 24. bxc4 Ng6 25. Qd4 Ne5 26. Qxa7 Nxc4 27. Rd3 Nxa5
28. Ng3 g6 29. e5 Nc6 30. Qxb7 Nxe5 31. Rd2 Nc4 32. Rd4 Qf6 33. Rfd1 Rb8 34.
Qa6 Nb2 35. Rxd6 Qc3 36. Rc6 Nxd1 37. Rxc3 Nxc3 38. h4 h5 39. Qf6 Nd5 40. Qg5
Nc3 41. f4 Rb5 42. f5 Rfb8 43. Kh2 Ra5 44. Qf6 Nd5 45. Qd6 Rb6 46. Qd8+ Kg7 47.
c4 Rb2 48. fxg6 fxg6 49. Qxa5 Nf6 50. Qc7+ Kg8 51. Qd8+ Kf7 52. Ne4 Ng4+ 53.
Kg3 Rb3+ 54. Kf4 Re3 55. Ng5+ Kg7 56. Qd7+ 1-0

[Event "Ì15Â"]
[Site "Loo"]
[Date "2017.04.21"]
[Round "2.19"]
[White "Êàâûåâ, Ðóñëàí."]
[Black "Ôîìèí, Ïàâåë."]
[Result "1/2-1/2"]
[WhiteElo "2242"]
[BlackElo "1892"]
[PlyCount "84"]
[EventDate "2017.04.20"]

1. d4 c5 2. d5 Nf6 3. Nc3 e6 4. e4 exd5 5. exd5 d6 6. Be2 a6 7. a4 g6 8. Nf3
Bg7 9. Nd2 Nbd7 10. Nc4 Nb6 11. Ne3 O-O 12. O-O Qc7 13. a5 Nbd7 14. Nc4 b5 15.
axb6 Nxb6 16. Bf4 Nxc4 17. Bxc4 Bb7 18. Qd3 Qb6 19. Na4 Qc7 20. Qb3 Nh5 21.
Bxd6 Qxd6 22. Qxb7 Be5 23. g3 Bd4 24. c3 Nxg3 25. cxd4 Nxf1 26. Bxf1 cxd4 27.
Qc6 Qf4 28. Nb6 Rad8 29. Bg2 Rfe8 30. Qc2 Re5 31. Rf1 Rg5 32. Qe2 Qd6 33. Nc4
Qxd5 34. f3 d3 35. Qe7 Qc5+ 36. Qxc5 Rxc5 37. b3 d2 38. Rd1 Rcd5 39. Kf1 Kf8
40. Kf2 R5d7 41. Ne5 Rd5 42. Nc4 R5d7 1/2-1/2

[Event "Ì15Â"]
[Site "Loo"]
[Date "2017.04.21"]
[Round "2.20"]
[White "Ïîñòíèêîâ, Ðîìàí."]
[Black "Ïîëÿíñêèé, Âëàäèñëàâ."]
[Result "1-0"]
[WhiteElo "2081"]
[BlackElo "1891"]
[PlyCount "49"]
[EventDate "2017.04.20"]

1. d4 d5 2. c4 c6 3. Nf3 Nf6 4. Qc2 e6 5. g3 Bd6 6. Bg2 Ne4 7. O-O O-O 8. Nfd2
f5 9. Nxe4 fxe4 10. f3 exf3 11. exf3 e5 12. cxd5 exd4 13. Qc4 c5 14. Nd2 b6 15.
Re1 Nd7 16. f4 Re8 17. Rxe8+ Qxe8 18. Ne4 Qe7 19. Bd2 Nf6 20. Ng5 Bb7 21. Re1
Qd7 22. Bh3 b5 23. Qc2 Qc7 24. Be6+ Kf8 25. Nxh7+ 1-0

[Event "Ì15Â"]
[Site "Loo"]
[Date "2017.04.21"]
[Round "2.21"]
[White "Ãàéäûì, Àðñåíèé."]
[Black "Ãàëèåâ, Èðåê."]
[Result "1-0"]
[WhiteElo "2017"]
[BlackElo "1866"]
[PlyCount "79"]
[EventDate "2017.04.20"]

1. e4 c5 2. Nc3 e6 3. g3 Nc6 4. Bg2 Nf6 5. d3 Be7 6. Nh3 d5 7. exd5 exd5 8. O-O
O-O 9. Nf4 Bg4 10. f3 Bf5 11. g4 d4 12. Ne4 Bg6 13. Nxg6 fxg6 14. f4 Qd7 15. h3
Nd5 16. Qf3 Ndb4 17. Qf2 Rf7 18. a3 Nd5 19. Qf3 Nc7 20. Bd2 Raf8 21. Qg3 Ne6
22. Ng5 Nxg5 23. fxg5 Bd6 24. Qh4 Bf4 25. Bxf4 Rxf4 26. Qg3 Rxf1+ 27. Rxf1
Rxf1+ 28. Kxf1 Qe7 29. Qf3 Nd8 30. Kf2 b6 31. Kg3 Qc7+ 32. Kf2 Ne6 33. h4 h6
34. gxh6 gxh6 35. Qf6 Qf7 36. Qxf7+ Kxf7 37. Bb7 h5 38. Kf3 Ng7 39. gxh5 gxh5
40. Bc8 1-0

[Event "Ì15Â"]
[Site "Loo"]
[Date "2017.04.21"]
[Round "2.22"]
[White "Áàáóíîâ, Àëåêñàíäð."]
[Black "Øóìèëîâ, Äåìüÿí."]
[Result "0-1"]
[WhiteElo "1865"]
[BlackElo "1984"]
[PlyCount "35"]
[EventDate "2017.04.20"]

1. d4 Nf6 2. c4 e6 3. Nc3 Bb4 4. f3 c5 5. a3 Bxc3+ 6. bxc3 d5 7. e3 O-O 8. Bd3
Qc7 9. cxd5 cxd4 10. Ne2 dxc3 11. d6 Qc5 12. O-O Nd5 13. Qc2 Nxe3 14. Bxe3
Qxe3+ 15. Kh1 Qh6 16. Nxc3 Nd7 17. Ne4 Ne5 {äàëåå çàïèñü íåðàçáîð~~èâà} 18.
Rfe1 0-1

[Event "Ì15Â"]
[Site "Loo"]
[Date "2017.04.21"]
[Round "2.23"]
[White "Øèäëîâñêèé, Àðòåìèé."]
[Black "Æàðêîâ, Íèêîëàé."]
[Result "1-0"]
[WhiteElo "1975"]
[BlackElo "1861"]
[PlyCount "51"]
[EventDate "2017.04.20"]

1. d4 Nf6 2. c4 g6 3. Nc3 Bg7 4. e4 O-O 5. Be2 d6 6. Bg5 h6 7. Be3 e5 8. d5 a6
9. a4 Nbd7 10. f3 Nc5 11. b4 Ncd7 12. Qd2 Kh7 13. g4 a5 14. b5 Nc5 15. Bd1 Ng8
16. Bc2 Ne7 17. O-O-O b6 18. Nge2 f5 19. exf5 gxf5 20. Ng3 e4 21. fxe4 f4 22.
Bxc5 bxc5 23. e5+ Kh8 24. Qd3 Kg8 25. Qh7+ Kf7 26. e6+ 1-0

[Event "Ì15Â"]
[Site "Loo"]
[Date "2017.04.21"]
[Round "2.24"]
[White "Êàìàåâ, Äæàáðàèë."]
[Black "Òåð-Ñààêÿí, Ãðèãîðèé."]
[Result "1-0"]
[WhiteElo "1949"]
[BlackElo "1851"]
[PlyCount "83"]
[EventDate "2017.04.20"]

1. Nf3 Nf6 2. g3 d5 3. Bg2 c6 4. O-O Bf5 5. d3 Nbd7 6. c4 e6 7. b3 Be7 8. Bb2
O-O 9. Nbd2 h6 10. d4 a5 11. a3 b5 12. c5 Ne4 13. b4 a4 14. Ne5 Nxe5 15. dxe5
Nxd2 16. Qxd2 Bg5 17. f4 Be7 18. e4 dxe4 19. Qe3 Qc7 20. Bxe4 Bxe4 21. Qxe4
Rfd8 22. Rad1 Rxd1 23. Rxd1 Rd8 24. Rxd8+ Qxd8 25. Bd4 g6 26. Kf2 Qd5 27. Qxd5
exd5 28. Kf3 h5 29. h3 Bd8 30. g4 hxg4+ 31. hxg4 g5 32. Be3 gxf4 33. Kxf4 f6
34. e6 Be7 35. Kf5 Kf8 36. Bd4 Ke8 37. Bxf6 Bxf6 38. Kxf6 d4 39. g5 d3 40. g6
d2 41. g7 d1=Q 42. g8=Q# 1-0

[Event "Ì15Â"]
[Site "Loo"]
[Date "2017.04.21"]
[Round "2.25"]
[White "Êðþêîâ, Àëåêñåé."]
[Black "Êîðåíü, Âëàäèìèð."]
[Result "0-1"]
[WhiteElo "1799"]
[BlackElo "1947"]
[PlyCount "68"]
[EventDate "2017.04.20"]

1. d4 d5 2. Nf3 Nf6 3. e3 Bf5 4. Bd3 e6 5. Bxf5 exf5 6. Qd3 Qc8 7. O-O Bd6 8.
Nbd2 O-O 9. c4 c6 10. c5 Bc7 11. b4 Ne4 12. a4 Qe6 13. Bb2 Nd7 14. b5 g5 15.
Qc2 g4 16. Nxe4 fxe4 17. Ne1 Rfb8 18. g3 Nf8 19. Ng2 Qd7 20. Qe2 h6 21. Rfb1
Nh7 22. Bc3 Ng5 23. Rb2 Nf3+ 24. Kh1 Qf5 25. Ne1 h5 26. Nxf3 gxf3 27. Qf1 h4
28. gxh4 Kh7 29. bxc6 bxc6 30. Rab1 Rg8 31. Rb7 Rg2 32. Rxc7 Qh3 33. Qg1 Rag8
34. Rxf7+ Kh8 0-1

[Event "Ì15Â"]
[Site "Loo"]
[Date "2017.04.21"]
[Round "2.26"]
[White "Ïåðîâ, Ãåðìàí."]
[Black "Ðàäî÷èí, Îëåã."]
[Result "1-0"]
[WhiteElo "1944"]
[BlackElo "1825"]
[PlyCount "55"]
[EventDate "2017.04.20"]

1. e4 c5 2. d4 cxd4 3. c3 dxc3 4. Nxc3 Nc6 5. Nf3 e6 6. Bc4 d6 7. O-O Be7 8.
Qe2 Nf6 9. Rd1 e5 10. Be3 O-O 11. Rac1 Be6 12. Bb5 Qa5 13. a3 a6 14. Ba4 b5 15.
b4 Qd8 16. Bc2 Bc4 17. Qe1 Qb8 18. Nd5 Bxd5 19. exd5 Na7 20. Nh4 g6 21. f3 Qd8
22. Bh6 Re8 23. Nf5 Qb6+ 24. Kh1 Nc8 25. Qh4 Nxd5 26. Nxe7+ Ncxe7 27. Be4 Nc7
28. Rxc7 1-0

[Event "Ì15Â"]
[Site "Loo"]
[Date "2017.04.21"]
[Round "2.27"]
[White "Òðóá÷àíèíîâ, Àðòåì."]
[Black "Ðîìàäîâ, Äìèòðèé."]
[Result "1-0"]
[WhiteElo "1917"]
[BlackElo "1774"]
[PlyCount "49"]
[EventDate "2017.04.20"]

1. c4 Nf6 2. Nc3 d5 3. cxd5 Nxd5 4. Nf3 g6 5. Qa4+ c6 6. Qd4 f6 7. e4 Nb6 8.
Qe3 Bg7 9. d4 O-O 10. Be2 f5 11. O-O fxe4 12. Qxe4 Bf5 13. Qh4 N8d7 14. Bg5 Nf6
15. Rad1 Nbd5 16. Ne5 Qc8 17. Bc4 e6 18. Rfe1 Nxc3 19. bxc3 Nd5 20. Rc1 Nb6 21.
Bb3 Nd7 22. Nxd7 Qxd7 23. g4 h6 24. Bd2 Bf6 25. Qg3 1-0

[Event "Ì15Â"]
[Site "Loo"]
[Date "2017.04.21"]
[Round "2.28"]
[White "Ëóïïà, Êèðèëë."]
[Black "Àêî÷¸íîê, Äàíèèë."]
[Result "0-1"]
[WhiteElo "1780"]
[BlackElo "1917"]
[PlyCount "57"]
[EventDate "2017.04.20"]

1. Nf3 Nf6 2. b3 g6 3. Bb2 Bg7 4. e3 d6 5. Be2 b6 6. O-O O-O 7. d3 Bb7 8. Nbd2
Nbd7 9. c4 e5 10. d4 Qe7 11. Rc1 a5 12. a3 Ne4 13. Nxe4 Bxe4 14. Qd2 Bb7 15.
Rfd1 e4 16. Ne1 f5 17. g3 g5 18. Ng2 Rf6 19. c5 d5 20. Bb5 c6 21. Be2 b5 22.
Rc2 Nf8 23. Bc1 Ne6 24. Qe1 Qc7 25. Bf1 Ba6 26. Qe2 Rg6 27. h4 f4 28. exf4 gxf4
29. gxf4 {äàëåå çàïèñü íåðàçáîð~~èâà} 0-1

[Event "Ì15Â"]
[Site "Loo"]
[Date "2017.04.21"]
[Round "2.29"]
[White "Ãàâðèëîâ, Âèêòîð."]
[Black "Ìèðçîÿí, Ëàâðåíòèé."]
[Result "0-1"]
[WhiteElo "1760"]
[BlackElo "1904"]
[PlyCount "68"]
[EventDate "2017.04.20"]

1. d4 d5 2. Nf3 Nf6 3. c4 c6 4. Nc3 e6 5. Bg5 dxc4 6. a4 Bb4 7. e4 b5 8. axb5
cxb5 9. e5 h6 10. Bh4 g5 11. Nxg5 hxg5 12. Bxg5 Nbd7 13. exf6 Bb7 14. Qe2 Qc7
15. Bd2 a6 16. O-O-O O-O-O 17. Kb1 Rxh2 18. Rxh2 Qxh2 19. g3 Qh1 20. Qe3 Qf3
21. Re1 Qxf6 22. Ka2 Nb8 23. Ne2 Bxd2 24. Qxd2 Qxf2 25. Qb4 Nc6 26. Qc3 Nxd4
27. Nxd4 Qxd4 28. Qb4 Qd6 29. Qc3 Kb8 30. g4 Bd5 31. g5 Rc8 32. Qf6 c3+ 33. b3
Qb4 34. Qe5+ Ka8 0-1

[Event "Ä19"]
[Site "Loo"]
[Date "2017.04.21"]
[Round "2.1"]
[White "Äðîãîâîç, Èðèíà."]
[Black "Ìóõèíà, ßíà."]
[Result "1-0"]
[WhiteElo "2286"]
[BlackElo "2004"]
[PlyCount "115"]
[EventDate "2017.04.20"]

1. d4 Nf6 2. c4 e6 3. Nc3 Bb4 4. Qc2 d5 5. a3 Bxc3+ 6. Qxc3 Ne4 7. Qc2 c5 8.
Nf3 Nc6 9. dxc5 Qa5+ 10. Bd2 Qxc5 11. e3 Nxd2 12. Nxd2 Bd7 13. b4 Qe7 14. Be2
dxc4 15. Nxc4 b5 16. Nd2 O-O 17. O-O Rfc8 18. Qb2 Rab8 19. Nb3 e5 20. Nc5 Be6
21. Bf3 f6 22. Rfd1 Kh8 23. Rac1 Nd8 24. Bd5 Bxd5 25. Rxd5 Ne6 26. Rd7 Qe8 27.
Rxa7 Nxc5 28. bxc5 Qc6 29. Ra5 Rb7 30. Qb4 h6 31. h3 e4 32. Rd1 f5 33. Rb1 Rcb8
34. Qd4 Rc7 35. Qd6 Qxc5 36. Qxc5 Rxc5 37. a4 Rc6 38. Rbxb5 Rc1+ 39. Kh2 Rxb5
40. Rxb5 g6 41. h4 Kg7 42. h5 Ra1 43. Rb7+ Kf6 44. Rb6+ Kg5 45. Rxg6+ Kxh5 46.
Ra6 Kg5 47. Ra8 Ra2 48. a5 Rxf2 49. a6 Ra2 50. a7 Kh4 51. Kg1 Ra1+ 52. Kf2 Ra2+
53. Ke1 Kh5 54. g3 f4 55. exf4 e3 56. f5 e2 57. f6 Kg4 58. f7 1-0

[Event "Ä19"]
[Site "Loo"]
[Date "2017.04.21"]
[Round "2.2"]
[White "Øàêèðîâà, Ðåíàòà."]
[Black "Ïðîòîïîïîâà, Àíàñòàñèÿ."]
[Result "1-0"]
[WhiteElo "2064"]
[BlackElo "2266"]
[PlyCount "45"]
[EventDate "2017.04.20"]

1. e4 e5 2. Nf3 Nc6 3. Bb5 a6 4. Ba4 Nf6 5. O-O Be7 6. Re1 b5 7. Bb3 d6 8. a4
Bd7 9. c3 Na5 10. Bc2 c5 11. d4 Qb8 12. Nbd2 O-O 13. Nf1 Re8 14. Bg5 Ra7 15.
axb5 Bd8 16. dxe5 dxe5 17. Bxf6 gxf6 18. b4 cxb4 19. cxb4 Nc4 20. bxa6 Qxb4 21.
Rb1 Qa5 22. Rb7 Rxb7 23. axb7 1-0

[Event "Ä19"]
[Site "Loo"]
[Date "2017.04.21"]
[Round "2.3"]
[White "Ìèëîâàíîâà, Ìàðèÿ."]
[Black "Òèøîâà, Ñâåòëàíà."]
[Result "0-1"]
[WhiteElo "1981"]
[BlackElo "2177"]
[PlyCount "74"]
[EventDate "2017.04.20"]

1. d4 Nf6 2. c4 e6 3. Nc3 d5 4. Bg5 Be7 5. e3 c6 6. cxd5 exd5 7. Bd3 Nbd7 8.
Qc2 Nh5 9. Bxe7 Qxe7 10. Nge2 g6 11. O-O O-O 12. Rae1 Ndf6 13. Ng3 Nxg3 14.
hxg3 Qd6 15. a3 Ne8 16. Rc1 Ng7 17. b4 Bf5 18. Bxf5 Nxf5 19. Qb2 b5 20. Rfd1
Qe7 21. a4 a6 22. Qb3 Nd6 23. a5 Nc4 24. Ne2 h5 25. Rc3 Qg5 26. f3 f5 27. Kf2
h4 28. f4 Qe7 29. Rcd3 Kg7 30. Rh1 Rh8 31. gxh4 Rxh4 32. Rxh4 Qxh4+ 33. Ng3 Nd6
34. e4 fxe4 35. Rc3 Qxf4+ 36. Kg1 Rf8 37. Qc2 e3 0-1

[Event "Ä19"]
[Site "Loo"]
[Date "2017.04.21"]
[Round "2.4"]
[White "Ìàìîíòîâà, Àíàñòàñèÿ."]
[Black "Àðóòþíîâà, Àñÿ."]
[Result "0-1"]
[WhiteElo "1948"]
[BlackElo "2125"]
[PlyCount "100"]
[EventDate "2017.04.20"]

1. d4 f5 2. g3 Nf6 3. Nh3 g6 4. Nf4 d6 5. d5 c6 6. Nc3 e5 7. dxe6 Qe7 8. h4 Na6
9. e4 Bxe6 10. Nxe6 Qxe6 11. Bxa6 bxa6 12. O-O fxe4 13. f3 d5 14. Qd4 Bg7 15.
fxe4 O-O 16. Bf4 Nxe4 17. Qe3 Rae8 18. Nxe4 Qxe4 19. Qxe4 Rxe4 20. c3 d4 21.
Rac1 Re2 22. Rf2 Rxf2 23. Kxf2 dxc3 24. bxc3 Rd8 25. Ke2 Kf7 26. Rb1 Ke6 27.
Rb3 Bf8 28. Be3 Rd7 29. c4 Bd6 30. Bf2 h5 31. Re3+ Kf6 32. Rd3 Re7+ 33. Kf3 Ke6
34. Ke2 Rb7 35. Re3+ Kd7 36. Rd3 Rb2+ 37. Kf3 Ke6 38. c5 Be7 39. Ra3 Rxf2+ 40.
Ke4 Bxc5 41. Rxa6 Bb6 42. Ra3 Re2+ 43. Kf4 Re5 44. g4 Ra5 45. Rc3 Ra4+ 46. Kf3
hxg4+ 47. Kg3 Bc7+ 48. Kg2 Rxa2+ 49. Kf1 Kd5 50. h5 gxh5 0-1